| 000 | 03290nam0a2200397 4500 | ||
|---|---|---|---|
| 001 | RU\NLR\bibl\1853629 | ||
| 005 | 20260408061452.0 | ||
| 010 |
_a978-5-398-00682-7 _9100 |
||
| 021 |
_aRU _b2011-97711 _97000 |
||
| 035 | _a(NLR Aleph) 001843568 | ||
| 090 |
_a2305398 _c2305398 |
||
| 100 | _a20111228d2011 |||y0rusy50 ca | ||
| 101 | 0 |
_arus _deng |
|
| 102 | _aRU | ||
| 105 | _aa ||||||||| | ||
| 200 | 1 |
_aФундаменты глубокого заложения и проблемы освоения подземного пространства _eматериалы Международной конференции (г. Пермь, 18-19 октября 2011 г.), [проходившей в рамках чтений] _fIII Академ. чтения им. проф. А.А. Бартоломея _g[редкол.: ...А.Б. Пономарев д.т.н., проф. (отв. ред.), Л.В. Сосновских к.т.н., доц.] |
|
| 210 |
_aПермь _cИзд-во Пермского национального исследовательского политехнического университета _d2011 |
||
| 215 |
_a460 с. _cил. _d25 |
||
| 300 | _aЗагл. обл.: Труды международной конференции "Фундаменты глубокого заложения и проблемя освоения подземного пространства" | ||
| 300 | _aВ надзаг.: Рос. акад. архитектуры и стоит. наук, Рос. о-во по механике грунтов, геотехнике и фундаментостроению, ФГБОУ ВПО "Перм. нац. исслед. политехн. ун-т", ГУП "Н.-и., проект.-конструкт. и произв. ин-т строит. комплекса РБ "БашНИИстрой" | ||
| 300 | _aРез. на англ. яз. | ||
| 320 | _aБиблиогр. в конце ст. | ||
| 512 | 0 | _aТруды международной конференции "Фундаменты глубокого заложения и проблемя освоения подземного пространства" | |
| 606 | 1 |
_aОпоры глубокого заложения _jСъезды, совещания и т.п. _91443725 _3RU\NLR\auth\66300744 |
|
| 606 | 1 |
_aПодземное строительство _jСъезды, совещания и т.п. _91895373 _3RU\NLR\auth\66862335 |
|
| 686 | _aН78я431(0) | ||
| 686 | _aН582.4я431(0) | ||
| 702 | 1 |
_4340 _8rus _7ca _aПономарев _bА. Б. _cд-р техн. наук _gАндрей Будимирович _3RU\NLR\auth\7751387 _934321 |
|
| 711 | 1 | 2 |
_a"Фундаменты глубокого заложения и проблемы освоения подземного пространства", международная конференция _f2011 _eПермь _3RU\NLR\AUTH\8810205881 _9299340 |
| 711 | 1 | 2 |
_aАкадемические чтения им. А. А. Бартоломея _d3 _f2011 _eПермь _3RU\NLR\AUTH\8810205882 _9299342 |
| 801 | 0 |
_aRU _bNLR _c20111228 _gRCR |
|
| 801 | 1 |
_aRU _bNLR _c20111228 |
|
| 942 | _cBOOK | ||
| 980 | _aNB | ||
| 980 | _aNBR | ||